Medzinárodná konferencia o Rettovom syndróme

Bibliographic Details
Main Author: Bzdúch, Vladimír, 1951- (Author)
Format: Article
Language:Slovak
PhysicalDescription:Obr.
ISSN:1335-0951
Subjects:

MARC

LEADER 00000nab a2200000 a 4500
001 vtls008875576
003 SK-MaSNL
005 20260304135546.0
008 250505c2005 xo 0 slo
015 |a SNBCL2005/5 
035 |a SLK036678 
035 |a urn:nbn:sk:snk-ab2z99 
035 |a (urnnbn)urn:nbn:sk:snk:ar-a035cu 
035 |a (uuid)d88e7898-9ff3-4926-9726-1d0a79afdab6 
040 |a SNKBUCL  |b slo  |c SNKBUCL  |e AACR2 
041 0 |a slo 
044 |a xo  |c SK 
080 |a 616.8-009.1:061.3  |2 1981 
100 1 |a Bzdúch, Vladimír,  |d 1951-  |4 aut  |9 205066 
245 1 0 |a Medzinárodná konferencia o Rettovom syndróme  |c Vladimír Bzdúch 
300 |b Obr. 
611 1 7 |a Medzinárodná konferencia o Rettovom syndróme  |c Praha, Česko  |d 2005  |2 SNKBUCL  |9 1454945 
650 0 7 |a kongresy  |2 MESH  |9 19200 
650 0 7 |a Rettov syndróm  |x genetika  |2 MESH  |9 1454946 
650 0 7 |a prenatálna diagnostika  |2 MESH  |9 86710 
773 0 |t Medicínsky monitor  |g Č. 4 (2005), s. 21  |x 1335-0951 
850 |a Slovenská národná knižnica 
852 |a Slovenská národná knižnica 
954 |a odborná, vedecká literatúra pôvodná (slovenská)  |2 lita 
958 |a article2022 
958 |a OND 
958 |a EUIPO 
999 |c 2911213  |d 2913143